000 00673nam a2200193 a 4500
001 000027845
005 20210819112332.0
008 110405s1996 dr 000 0 spa d
020 _a8484002101
040 _aDO-SdBNP
_bspa
_cBNPHU
082 _axxx
_bS232f
100 _aSantana Marcano, Miguel Ángel,
_d1967-
_948937
245 1 0 _aFundamento último y desarrollo de la responsabilidad internacional /
_cMiguel Ángel Santana Marcano; presentación y prólogo Práxedes Castillo.
260 _aSanto Domingo :
_bEditora Taller,
_c1996.
300 _a68 p. ;
_c21 cm.
504 _aBibliografía : p. 65
700 1 _aCastillo, Práxedes
_epról.
_954924
049 _aBNPD
999 _c27337
_d27337